000 00706nam a2200253Ia 4500
001 Para_6457
003 CHAP
008 220125s1986 xx 000 0 und d
010 _a205197
040 _cCHAP
090 _aPA FOLLETO 469
110 _aBayer de México. División Agrícola
_910997
245 _aBayfolan :
_b nutrimentos para aplicación foliar /
_c por Bayer. División Agrícola
260 _aMéxico :
_b Bayer
300 _a1 hoja desplegable
650 _aPlantas
_x nutrición
_988874
901 _aPA FOLLETO 469
902 _aA
905 _a0000001986 0000000000 00
910 _a1986
942 _cPARA
942 _cPARA
_d1
999 _c205197
_d205197